| 000 | 00418nam a22001817a 4500 | ||
|---|---|---|---|
| 003 | Ost | ||
| 005 | 20220825125425.0 | ||
| 008 | 220825b |||||||| |||| 00| 0 eng d | ||
| 040 | _cBT-PhCST | ||
| 050 | _a4068 | ||
| 082 |
_222 _a362.8 |
||
| 100 | _aWright, James. | ||
| 245 | _aFamily medical care / | ||
| 260 |
_bHome Health Education Service, _cc2000. |
||
| 300 |
_a0 _bill. ; |
||
| 440 | _vv.5 | ||
| 942 |
_2ddc _cGEN |
||
| 999 |
_c1347 _d1347 |
||